Statistics for Bands With Brothers

Click here to take the quiz!

General Stats

  • This quiz has been taken 58 times
  • The average score is 10 of 20

Answer Stats

BrothersSurnameBand% Correct
Liam, NoelGallagherOasis
92%
Barry, Maurice, RobinGibbThe Bee Gees
86%
Jackie, Jermaine, Marlon, Michael, Randy, Tito-The Jackson 5
86%
David, MarkKnopflerDire Straits
82%
Brian, Carl, DennisWilsonThe Beach Boys
82%
Angus, MalcolmYoungAC/DC
76%
Alex, Eddie-Van Halen
76%
Joe, Kevin, and Nick-The Jonas Brothers
72%
John, TomFogertyCreedence Clearwater Revival
62%
Duane, Gregg-The Allman Brothers Band
58%
Isaac, Taylor, Zac-Hanson
50%
Colin, JohnnyGreenwoodRadiohead
38%
Don, Phil-The Everly Brothers
34%
Caleb, Jared, NathanFollowillKings of Leon
28%
Bob, Jim, Mark; Bob, GeraldMothersbaugh; CasaleDevo
20%
Charlie, CraigReidThe Proclaimers
20%
Andrew, Jon, TimFarrissINXS
16%
Ernie, Marvin, O'Kelly, Ronald, Rudolph, Vernon-The Isley Brothers
16%
Jake, Josh, SamKiszkaGreta Van Fleet
12%
Guy, HowardLawrenceDisclosure
8%

Score Distribution

Percentile by Number Answered

Percent of People with Each Score

Your Score History

You have not taken this quiz